00425nam a2200145Ia 4500008004100000041000900041082001900050100002700069245001900096260003500115300000800150650000800158999001700166952009600183230718s9999 xx 000 0 und d aEng. a346.043bGAU-G aGaunt, Q. C. Jonathan  0aGall Easements aPakistanbSweet and Maudc1997 a623 aLaw c28905d28905 00104070aSIRC-LbSIRC-Ld2023-07-18l0o346.043 GAU-Gp23856r2023-07-18w2023-07-18yBK